[Event "CAN-ch U18"]
[Site "Victoria"]
[Date "2009.07.23"]
[Round "7"]
[White "Ji, Henry"]
[Black "Deschenes, Marc Andre"]
[Result "1-0"]
[WhiteElo "1694"]
[BlackElo "1864"]
[PlyCount "52"]
[EventDate "2009.07.21"]
[EventType "tourn"]
[EventRounds "7"]
[EventCountry "CAN"]
[SourceTitle "EXT 2011"]
[Source "ChessBase"]
[SourceDate "2010.11.26"]
[SourceVersion "1"]
[SourceVersionDate "2010.11.26"]
[SourceQuality "1"]

1. Nf3 Nf6 2. c4 e6 3. g3 d5 4. d4 Be7 5. Bg2 0-0 6. 0-0 c6 7. cxd5 exd5 8. Bf4 Nbd7 9. Nc3 Re8 10. a3 Nf8 11. Rb1 Bf5 12. Rc1 Ng6 13. Bd2 Bd6 14. b4 a6 15. Na4 Qe7 16. e3 Ne4 17. Ne1 Nf6 18. Nc5 h5 19. Bf3 h4 20. g4 Bc8 21. h3 Nh7 22. Qc2 Bc7 23. Kg2 Qd6 24. Rh1 Rf8 25. e4 dxe4 26. Bxe4 Re8 1-0

[Event "CAN-ch U18"]
[Site "Victoria"]
[Date "2009.07.22"]
[Round "3"]
[White "Deschenes, Marc Andre"]
[Black "Hansen, Eric"]
[Result "0-1"]
[WhiteElo "1864"]
[BlackElo "2472"]
[PlyCount "80"]
[EventDate "2009.07.21"]
[EventType "tourn"]
[EventRounds "7"]
[EventCountry "CAN"]
[SourceTitle "EXT 2011"]
[Source "ChessBase"]
[SourceDate "2010.11.26"]
[SourceVersion "1"]
[SourceVersionDate "2010.11.26"]
[SourceQuality "1"]

1. e4 c5 2. Nf3 e6 3. d4 cxd4 4. Nxd4 a6 5. Nc3 Qc7 6. Bd3 Nf6 7. 0-0 Bd6 8. h3 Nc6 9. Be3 b5 10. Kh1 b4 11. Nce2 Bb7 12. Nxc6 Bxc6 13. f3 Be7 14. c3 bxc3 15. Nxc3 0-0 16. Rc1 Qb7 17. b3 d5 18. exd5 Nxd5 19. Nxd5 Bxd5 20. Bc4 Rfd8 21. Qe2 a5 22. Bb5 Rdb8 23. Ba4 Ba3 24. Rc2 Rc8 25. Bc1 Rxc2 26. Qxc2 Rc8 27. Qd2 Qa6 28. Rd1 Bb4 29. Qf2 Qd6 30. Bb2 Qf4 31. Qd4 Qg5 32. Qg4 Qh6 33. Rxd5 f5 34. Qd4 exd5 35. Qxd5+ Kh8 36. Qxf5 Rd8 37. f4 Rf8 38. Qe5 Bd6 39. Qe4 Rxf4 40. Qe2 Qe6 0-1

[Event "CAN-ch U18"]
[Site "Victoria"]
[Date "2009.07.22"]
[Round "5"]
[White "Gaciu, Vlad"]
[Black "Deschenes, Marc Andre"]
[Result "0-1"]
[WhiteElo "1968"]
[BlackElo "1864"]
[PlyCount "70"]
[EventDate "2009.07.21"]
[EventType "tourn"]
[EventRounds "7"]
[EventCountry "CAN"]
[SourceTitle "EXT 2011"]
[Source "ChessBase"]
[SourceDate "2010.11.26"]
[SourceVersion "1"]
[SourceVersionDate "2010.11.26"]
[SourceQuality "1"]

1. e4 c5 2. f4 d6 3. Nf3 g6 4. Be2 Bg7 5. d3 Nf6 6. c3 Nc6 7. 0-0 0-0 8. Qe1 e5 9. Qh4 Nh5 10. fxe5 Qxh4 11. Nxh4 Nxe5 12. Bg5 Re8 13. Bxh5 gxh5 14. Rd1 Bg4 15. Rd2 c4 16. h3 Bd7 17. d4 Nd3 18. Na3 h6 19. Be3 Rxe4 20. Nxc4 d5 21. Na3 Rxe3 22. Nc2 Re4 23. g3 Nxb2 24. Na3 Nc4 25. Nxc4 dxc4 26. Kg2 Rae8 27. Rad1 Re2+ 28. Kf3 R8e3+ 29. Kf4 Rxd2 30. Rxd2 Rxc3 31. Re2 Kf8 32. Rb2 b6 33. Nf3 Rd3 34. Rc2 b5 35. Re2 Bxh3 0-1

[Event "Quebec-ch sf final-1"]
[Site "Montreal"]
[Date "2009.06.06"]
[Round "3"]
[White "Fareh, Youness"]
[Black "Deschenes, Marc Andre"]
[Result "1/2-1/2"]
[WhiteElo "2179"]
[BlackElo "1836"]
[PlyCount "70"]
[EventDate "2009.06.05"]
[EventType "tourn"]
[EventRounds "4"]
[EventCountry "CAN"]
[SourceTitle "EXT 2011"]
[Source "ChessBase"]
[SourceDate "2010.11.26"]
[SourceVersion "1"]
[SourceVersionDate "2010.11.26"]
[SourceQuality "1"]

1. Nf3 d5 2. c4 e6 3. g3 Nf6 4. Bg2 Be7 5. 0-0 0-0 6. Ne5 c6 7. d4 b6 8. b3 Bb7 9. Bb2 Nbd7 10. Nd2 Rc8 11. Rc1 c5 12. e3 Qc7 13. cxd5 Nxd5 14. Nxd7 Qxd7 15. Nc4 cxd4 16. Bxd4 Rfd8 17. Qf3 Ba6 18. Rfd1 Qe8 19. Ne5 Bf6 20. h4 Rxc1 21. Rxc1 Rc8 22. Qd1 Nb4 23. a3 Rxc1 24. Qxc1 Bxe5 25. Bxe5 Nd3 26. Qc7 Nxe5 27. Qxe5 Qc8 28. h5 Bb7 29. Bxb7 Qxb7 30. b4 h6 31. b5 Qc8 32. Qd6 Qf8 33. Qd3 Qc5 34. Qd8+ Qf8 35. Qd3 Qc5 1/2-1/2

[Event "Lanaudiere U1800"]
[Site "Repentigny"]
[Date "2008.08.15"]
[Round "1"]
[White "Deschenes, Marc Andre"]
[Black "Valiquette, Simon"]
[Result "0-1"]
[WhiteElo "1799"]
[BlackElo "1538"]
[PlyCount "49"]
[EventDate "2008.08.15"]
[EventType "swiss"]
[EventRounds "5"]
[EventCountry "CAN"]
[SourceTitle "EXT 2011"]
[Source "ChessBase"]
[SourceDate "2010.11.26"]
[SourceVersion "1"]
[SourceVersionDate "2010.11.26"]
[SourceQuality "1"]

1. e4 c5 2. Nf3 e6 3. d4 cxd4 4. Nxd4 Nf6 5. Bd3 Bc5 6. Nb3 Bb6 7. Nc3 Nc6 8. Bf4 d5 9. exd5 Nxd5 10. Nxd5 Qxd5 11. 0-0 e5 12. Qe2 0-0 13. Rad1 Qe6 14. Bc4 Qf6 15. Be3 Bc7 16. Bc5 Re8 17. Rd2 Qg6 18. Kh1 Bf5 19. Rfd1 e4 20. h3 Qh6 21. Bd6 Bxh3 22. gxh3 Qxh3+ 23. Kg1 Ne5 24. Bxe5 Rxe5 25. Bxf7+ 0-1

[Event "CAN-ch U16"]
[Site "Quebec"]
[Date "2008.07.16"]
[Round "5"]
[White "Deschenes, Marc Andre"]
[Black "Poulin, Mathieu"]
[Result "1-0"]
[WhiteElo "1864"]
[BlackElo "1385"]
[PlyCount "99"]
[EventDate "2008.07.14"]
[EventType "swiss"]
[EventRounds "7"]
[EventCountry "CAN"]
[SourceTitle "EXT 2011"]
[Source "ChessBase"]
[SourceDate "2010.11.26"]
[SourceVersion "1"]
[SourceVersionDate "2010.11.26"]
[SourceQuality "1"]

1. e4 c6 2. d4 d5 3. Nc3 dxe4 4. Nxe4 Bf5 5. Ng3 Bg6 6. h4 h6 7. Nf3 Nd7 8. Bd3 Bxd3 9. Qxd3 e6 10. Bf4 Qa5+ 11. Bd2 Qc7 12. 0-0-0 Ngf6 13. c4 c5 14. d5 exd5 15. Rhe1+ Kd8 16. cxd5 Bd6 17. Nf5 Ne8 18. Bc3 Rg8 19. Qe2 Nef6 20. Nxd6 Qxd6 21. Ne5 Nxe5 22. Bxe5 Qd7 23. Bxf6+ gxf6 24. d6 Kc8 25. Qf3 Kb8 26. Qxf6 a6 27. g3 Ka7 28. Re7 Qb5 29. Qxh6 Rad8 30. Qe3 Ka8 31. Qf4 Rg6 32. h5 Re6 33. Rxe6 fxe6 34. h6 c4 35. h7 Qd7 36. Qf6 c3 37. h8Q cxb2+ 38. Kb1 Rxh8 39. Qxh8+ Ka7 40. Qxb2 Qh7+ 41. Qc2 Qh5 42. d7 Qb5+ 43. Ka1 e5 44. d8Q a5 45. Qd5 Qb4 46. Qdc5+ b6 47. Qxb4 axb4 48. Rd7+ Kb8 49. Qc7+ Ka8 50. Qb7# 1-0

[Event "Sherbrooke op-A"]
[Site "Sherbrooke"]
[Date "2008.05.24"]
[Round "3"]
[White "Lopez, Jose"]
[Black "Deschenes, Marc Andre"]
[Result "1-0"]
[WhiteElo "1750"]
[BlackElo "1702"]
[PlyCount "117"]
[EventDate "2008.05.23"]
[EventType "swiss"]
[EventRounds "5"]
[EventCountry "CAN"]
[SourceTitle "EXT 2011"]
[Source "ChessBase"]
[SourceDate "2010.11.26"]
[SourceVersion "1"]
[SourceVersionDate "2010.11.26"]
[SourceQuality "1"]

1. e4 c5 2. Nf3 a6 3. d4 cxd4 4. Nxd4 Nf6 5. Nc3 e5 6. Nb3 Bb4 7. Bg5 d6 8. Be2 h6 9. Bxf6 Bxc3+ 10. bxc3 Qxf6 11. 0-0 0-0 12. Qd3 Rd8 13. a4 Nc6 14. a5 Be6 15. c4 Rac8 16. c3 Ne7 17. Nd2 Ng6 18. g3 Qg5 19. Kh1 Rc5 20. Rfb1 Qe7 21. Rb6 Rd7 22. Qb1 Rdc7 23. Ra2 R5c6 24. Rb4 Nf8 25. Rab2 Bc8 26. Nf1 Nh7 27. Ne3 Nf6 28. f3 Rc5 29. Qa1 g6 30. Bf1 Be6 31. Rd2 Qd8 32. Rb6 R5c6 33. Qb1 Rxb6 34. Qxb6 Rd7 35. Qb4 Qc7 36. Rb2 Qc6 37. Nd5 Bxd5 38. cxd5 Qc5 39. Qxc5 dxc5 40. Rb6 Ne8 41. Bh3 Rd8 42. Rxb7 Nd6 43. Rb6 Nb5 44. Rxa6 Nxc3 45. Rc6 Na4 46. a6 Ra8 47. Bc8 Kf8 48. Bb7 Ra7 49. d6 Ke8 50. Rc7 Kd8 51. Rxf7 c4 52. Rc7 Nb2 53. f4 exf4 54. gxf4 Nd3 55. f5 gxf5 56. exf5 Nf2+ 57. Kg2 Nd1 58. f6 Ne3+ 59. Kg1 1-0

[Event "Sherbrooke op-A"]
[Site "Sherbrooke"]
[Date "2008.05.23"]
[Round "1"]
[White "Trinh, Tri Bao"]
[Black "Deschenes, Marc Andre"]
[Result "1-0"]
[WhiteElo "2095"]
[BlackElo "1702"]
[PlyCount "55"]
[EventDate "2008.05.23"]
[EventType "swiss"]
[EventRounds "5"]
[EventCountry "CAN"]
[SourceTitle "EXT 2011"]
[Source "ChessBase"]
[SourceDate "2010.11.26"]
[SourceVersion "1"]
[SourceVersionDate "2010.11.26"]
[SourceQuality "1"]

1. e4 c5 2. c3 d5 3. exd5 Qxd5 4. d4 e6 5. Nf3 Nf6 6. Bd3 Be7 7. 0-0 0-0 8. Qe2 Nc6 9. Rd1 cxd4 10. cxd4 b6 11. Nc3 Qd8 12. a3 Bb7 13. Bg5 Rc8 14. Rac1 Re8 15. Bb1 Na5 16. Qd3 g6 17. Ba2 Nd5 18. Ne4 Rxc1 19. Bxc1 Nf6 20. Neg5 Nd5 21. h4 Nf6 22. Ne5 Rf8 23. b4 Nc6 24. Nexf7 Qa8 25. Bxe6 Kg7 26. d5 Nb8 27. Ne5 Rd8 28. Nxh7 1-0

[Event "Quebec-ch 1/2 final"]
[Site "Montreal"]
[Date "2006.06.18"]
[Round "4"]
[White "Pilotte, Benoit"]
[Black "Deschenes, Marc Andre"]
[Result "1-0"]
[WhiteElo "1780"]
[BlackElo "1676"]
[PlyCount "75"]
[EventDate "2006.06.16"]
[EventType "swiss"]
[EventRounds "5"]
[EventCountry "CAN"]
[SourceTitle "EXT 2007"]
[Source "ChessBase"]
[SourceDate "2006.11.23"]
[SourceVersion "1"]
[SourceVersionDate "2006.11.23"]
[SourceQuality "1"]

1. d4 e6 2. e4 b6 3. Nc3 Bb7 4. Bd3 Bb4 5. Qg4 g6 6. Bg5 Be7 7. Bxe7 Nxe7 8. 0-0-0 Nbc6 9. Nf3 d6 10. d5 exd5 11. Nxd5 Nxd5 12. exd5 Ne7 13. Bb5+ Kf8 14. Qd4 Rg8 15. Ng5 Rg7 16. Qh4 Kg8 17. Rhe1 a6 18. Bc4 Nf5 19. Qf4 Qf8 20. g4 Ne7 21. Ne4 f5 22. Ng5 Bc8 23. Ne6 Bxe6 24. dxe6 fxg4 25. Qxg4 Qxf2 26. Qe4 Qf8 27. Rf1 Qe8 28. Rf7 b5 29. Bb3 Rd8 30. Rdf1 Qc6 31. Qd4 Nf5 32. R1xf5 Qh1+ 33. Rf1 Qxf1+ 34. Rxf1 Re7 35. Rf7 Rxf7 36. exf7+ Kf8 37. Qh8+ Ke7 38. Qxd8+ 1-0

[Event "Quebec-ch 1/2 final"]
[Site "Montreal"]
[Date "2006.06.16"]
[Round "1"]
[White "Ye, Ling Feng"]
[Black "Deschenes, Marc Andre"]
[Result "1-0"]
[WhiteElo "2065"]
[BlackElo "1676"]
[PlyCount "79"]
[EventDate "2006.06.16"]
[EventType "swiss"]
[EventRounds "5"]
[EventCountry "CAN"]
[SourceTitle "EXT 2007"]
[Source "ChessBase"]
[SourceDate "2006.11.23"]
[SourceVersion "1"]
[SourceVersionDate "2006.11.23"]
[SourceQuality "1"]

1. e4 c5 2. Nf3 Nc6 3. d4 cxd4 4. Nxd4 e5 5. Nb5 d6 6. c4 Be7 7. N1c3 a6 8. Na3 Nf6 9. Be2 Nd4 10. 0-0 0-0 11. Be3 Nxe2+ 12. Qxe2 Ng4 13. Nc2 Be6 14. h3 Nf6 15. b3 Rc8 16. Qd3 Nd7 17. Nb4 Nc5 18. Qd2 f5 19. exf5 Rxf5 20. Nbd5 Rf7 21. Rad1 Rc6 22. Qe2 Nd7 23. Rd2 Nf6 24. Rfd1 Qf8 25. Nxf6+ Rxf6 26. Bg5 Rg6 27. Bxe7 Qxe7 28. Qe3 Qd7 29. Kh2 Qc7 30. Ne4 Bf5 31. Ng3 Be6 32. f4 exf4 33. Qxf4 Rf6 34. Qe3 Bd7 35. Kh1 Re6 36. Qd4 Rf6 37. Ne4 Re6 38. Qd5 Kf8 39. Ng5 Rg6 40. Qf7# 1-0

[Event "Rimouski op"]
[Site "Rimouski"]
[Date "2003.05.16"]
[Round "1"]
[White "Deschenes, Marc Andre"]
[Black "Bourgault, Daniel"]
[Result "0-1"]
[WhiteElo "1240"]
[BlackElo "1247"]
[PlyCount "56"]
[EventDate "2003.05.??"]
[EventType "swiss"]
[EventRounds "5"]
[EventCountry "CAN"]
[SourceTitle "EXT 2006"]
[Source "ChessBase"]
[SourceDate "2005.11.24"]
[SourceVersion "1"]
[SourceVersionDate "2005.11.24"]
[SourceQuality "1"]

1. e4 c5 2. d4 cxd4 3. Qxd4 Nc6 4. Qc4 Nf6 5. Nc3 e6 6. Qe2 Nd4 7. Qd3 e5 8. f4 d6 9. Nf3 Nxf3+ 10. Qxf3 Be7 11. Bb5+ Bd7 12. Bxd7+ Qxd7 13. 0-0 Qc6 14. f5 0-0 15. Bg5 Rac8 16. Nd5 Nxd5 17. exd5 Qc5+ 18. Be3 Qxc2 19. Qg3 Bf6 20. Bg5 Bxg5 21. Qxg5 f6 22. Qc1 Qe4 23. Qd1 Rc2 24. Rf3 Rfc8 25. b3 R8c5 26. Qd3 Rc1+ 27. Rxc1 Rxc1+ 28. Kf2 Qe1# 0-1